| 000 | 01543nam a2200505 a 4500 | ||
|---|---|---|---|
| 001 | 21008 | ||
| 003 | VRT | ||
| 005 | 20260210145203.0 | ||
| 008 | 240318s2015 xo g 000 f slo | ||
| 020 |
_a9788081640537 _q(viaz.) |
||
| 035 | _a60B966FF-B672-45DA-A317-AFBC961BCCCD | ||
| 035 | _aurn:nbn:sk:snk-amlla1 | ||
| 035 | _aurn:nbn:sk:snk-am00a34x | ||
| 039 | 9 |
_a202403182023 _bVLOAD _c201904050914 _dAUTHORITY _c201710300816 _dmbjkdg02 _c201707060808 _dVLOAD |
|
| 040 |
_aPOKPOH _bslo _cPOKPOH _eAACR2 |
||
| 041 | 0 | _aslo | |
| 044 |
_axo _cSK |
||
| 072 | 7 |
_a821.162.4-3 _xSlovenská próza _2konspekt |
|
| 080 |
_a821.162.4-31 _22001 |
||
| 100 | 1 |
_aWurm, Monika, _d1983- _4aut |
|
| 245 | 1 | 0 |
_aPakistanská pomsta _cMonika Wurm |
| 250 | _a1. vyd. | ||
| 260 |
_a[Bratislava] _bMotýľ _c2015 |
||
| 300 |
_a384 s. _c21 cm |
||
| 500 | _aMiesto vyd. podľa ISBN | ||
| 500 | _aVoľné pokračovanie románu Pakistanská princezná | ||
| 655 | 7 |
_aslovenské romány _2SNKPH |
|
| 655 | 7 |
_aSlovak fiction _2SNKPHeng |
|
| 910 | _apokpoh | ||
| 910 | _avthk | ||
| 910 | _asllk | ||
| 910 | _askpk | ||
| 910 | _apppk | ||
| 910 | _ahevk | ||
| 910 | _asvkbb | ||
| 910 | _attkjf | ||
| 910 | _atotk | ||
| 910 | _asnk | ||
| 910 | _abjkdg | ||
| 942 |
_2ddc _cKLDO _n0 |
||
| 949 |
_6270001000510158 _asvkbbA 145591 _bsvkbbm 755694 |
||
| 949 |
_617A1197048 _asnkSC 169245 D1 _bsnk2016/11441 _o787/16 |
||
| 949 |
_617A1192841 _asnkSC 169245 _bsnk2016/9746 _o787/2016 _s6100:20160504 |
||
| 999 |
_c21008 _d21008 |
||